Catálogo - Centro de Recursos para el Aprendizaje y la Investigación
Volver al Sitio - CRAI Biblioteca| 000 -CABECERA | |
|---|---|
| campo de control de longitud fija | 01760nam a2200349 4500 |
| 001 - NÚMERO DE CONTROL | |
| campo de control | 113575 |
| 003 - IDENTIFICADOR DEL NÚMERO DE CONTROL | |
| campo de control | DR-UNIBE |
| 005 - FECHA Y HORA DE LA ÚLTIMA TRANSACCIÓN | |
| campo de control | 20250910062608.0 |
| 008 - DATOS DE LONGITUD FIJA--INFORMACIÓN GENERAL | |
| campo de control de longitud fija | 250508b2003 cr ||||| |||| 00| 0 spa d |
| 020 ## - NÚMERO INTERNACIONAL ESTÁNDAR DEL LIBRO | |
| Número Internacional Estándar del Libro | 9968917095 Obra completa |
| 020 ## - NÚMERO INTERNACIONAL ESTÁNDAR DEL LIBRO | |
| Número Internacional Estándar del Libro | 9968917109 Tomo 1 |
| 040 ## - FUENTE DE LA CATALOGACIÓN | |
| Centro catalogador/agencia de origen | BIBLIOTECA UNIBE |
| Centro/agencia transcriptor | BIBLIOTECA UNIBE |
| Lengua de catalogación | spa |
| Normas de descripción | rda |
| 041 ## - CÓDIGO DE LENGUA | |
| Código de lengua del texto/banda sonora o título independiente | spa |
| 082 ## - NÚMERO DE LA CLASIFICACIÓN DECIMAL DEWEY | |
| Número de edición | 22 |
| Número de clasificación | 341.48 I59j |
| 110 #0 - ENTRADA PRINCIPAL--NOMBRE DE ENTIDAD CORPORATIVA | |
| Nombre de entidad corporativa o nombre de jurisdicción como elemento de entrada | Instituto Interamericano de Derechos Humanos (IIDH) |
| Término indicativo de función/relación | autor |
| 9 (RLIN) | 23506 |
| 110 10 - ENTRADA PRINCIPAL--NOMBRE DE ENTIDAD CORPORATIVA | |
| Nombre de entidad corporativa o nombre de jurisdicción como elemento de entrada | Corte Interamericana de Derechos Humanos |
| 9 (RLIN) | 152036 |
| Término indicativo de función/relación | autor |
| 110 10 - ENTRADA PRINCIPAL--NOMBRE DE ENTIDAD CORPORATIVA | |
| Nombre de entidad corporativa o nombre de jurisdicción como elemento de entrada | Costa Rica. Corte Suprema de Justicia. Sala Constitucional |
| 9 (RLIN) | 195062 |
| 245 10 - MENCIÓN DE TÍTULO | |
| Título | Justicia, libertad y derechos humanos : ensayos en homenaje a Rodolfo E. Piza Escalante / |
| Mención de responsabilidad, etc. | Instituto Interamericano de Derechos Humanos , Corte Interamericana de Derechos Humanos, Colegio de Abogados, Corte Suprema de Justicia. Sala Constitucional |
| 250 ## - MENCIÓN DE EDICIÓN | |
| Mención de edición | Primera edición |
| 260 ## - PUBLICACIÓN, DISTRIBUCIÓN, ETC. | |
| Lugar de publicación, distribución, etc. | San José : |
| Nombre del editor, distribuidor, etc. | Instituto Interamericano de Derechos Humanos (IIDH), |
| Fecha de publicación, distribución, etc. | 2003 |
| 300 ## - DESCRIPCIÓN FÍSICA | |
| Extensión | tomos |
| Dimensiones | 13 x 21 cm |
| 500 ## - NOTA GENERAL | |
| Nota general | Biblioteca tiene tomo I |
| 505 ## - NOTA DE CONTENIDO CON FORMATO | |
| Nota de contenido con formato | Tomo I.<br/>Prólogo |<br/>Prefacio del Presidente de la Corte Interamericana de Derechos Humanos |<br/>Prefacio del Presidente del Colegio de Abogados <br/>Recuerdo de un entrañable amigo |<br/>Remember a very special friend |<br/>Semblanza: un hombre justo |<br/>Corte Interamericana de Derechos Humanos |<br/>Sala Constitucional Corte Suprema de Justicia de Costa Rica <br/><br/> |
| 600 #0 - PUNTO DE ACCESO ADICIONAL DE MATERIA--NOMBRE DE PERSONA | |
| Nombre de persona | |
| 9 (RLIN) | 195059 |
| 650 #7 - PUNTO DE ACCESO ADICIONAL DE MATERIA--TÉRMINO DE MATERIA | |
| Fuente del encabezamiento o término | lemb |
| Término de materia o nombre geográfico como elemento de entrada | Derechos humanos |
| 650 #7 - PUNTO DE ACCESO ADICIONAL DE MATERIA--TÉRMINO DE MATERIA | |
| Fuente del encabezamiento o término | lemb |
| Término de materia o nombre geográfico como elemento de entrada | Justicia |
| 650 #7 - PUNTO DE ACCESO ADICIONAL DE MATERIA--TÉRMINO DE MATERIA | |
| Fuente del encabezamiento o término | lemb |
| Término de materia o nombre geográfico como elemento de entrada | Pena de muerte |
| 650 #7 - PUNTO DE ACCESO ADICIONAL DE MATERIA--TÉRMINO DE MATERIA | |
| Fuente del encabezamiento o término | lemb |
| Término de materia o nombre geográfico como elemento de entrada | Poder judicial |
| Subdivisión geográfica | Costa Rica |
| 9 (RLIN) | 195075 |
| 650 #7 - PUNTO DE ACCESO ADICIONAL DE MATERIA--TÉRMINO DE MATERIA | |
| Fuente del encabezamiento o término | lemb |
| Término de materia o nombre geográfico como elemento de entrada | Abogados Costarricences |
| 9 (RLIN) | 195076 |
| 710 10 - PUNTO DE ACCESO ADICIONAL--NOMBRE DE ENTIDAD CORPORATIVA | |
| Nombre de entidad corporativa o nombre de jurisdicción como elemento de entrada | Costa Rica. Colegio de Abogados |
| 9 (RLIN) | 195063 |
| Término indicativo de función/relación | autor |
| 942 ## - ELEMENTOS DE PUNTO DE ACCESO ADICIONAL (KOHA) | |
| Fuente del sistema de clasificación o colocación | Sistema de Clasificación Decimal Dewey |
| Tipo de ítem Koha | Libro (general) |
| Estado de retiro | Estado de pérdida | Fuente del sistema de clasificación o colocación | No para préstamo | Código de colección | Localización permanente | Fecha de adquisición | Total de préstamos | Signatura topográfica completa | Código de barras | Fecha visto por última vez | Número de copia | Precio válido a partir de | Tipo de ítem Koha |
|---|---|---|---|---|---|---|---|---|---|---|---|---|---|
| Disponible | Sistema de Clasificación Decimal Dewey | General | Biblioteca Central UNIBE | 08/04/2025 | 341.48 I59j | 250420 | 08/05/2025 | T. 1 Ej.1 | 08/05/2025 | Libro (general) |